SZTE Állásbörze a TIK-ben

Elmentve itt :
Bibliográfiai részletek
További közreműködők: Török János
Dokumentumtípus: Cikk
Megjelent: 2026-04-21
Sorozat:Délmagyarország 116 No. 92
Kulcsszavak:Rendezvény - SZTE Állásbörze - 30., Jubileum - 30 éves, József Attila Tanulmányi és Információs Központ - TIK, Együttműködés - cégek, Pályaválasztás - pályaorientáció, Álláskeresés, Munkaerőpiac, Dél-alföldi régió
Online Access:http://univ.bibl.u-szeged.hu/77270
LEADER 00890nab a2200193 i 4500
001 univ77270
005 20260421134917.0
008 260421s2026 hu o 000 hun d
040 |a SZTE UnivHistória Repozitórium  |b hun 
041 |a hun 
245 0 0 |a SZTE Állásbörze a TIK-ben  |h [elektronikus dokumentum] 
260 |c 2026-04-21 
300 |a 1-2 
490 0 |a Délmagyarország  |v 116 No. 92 
561 |a Egyetemi hirarchívum 
695 |a Rendezvény - SZTE Állásbörze - 30., Jubileum - 30 éves, József Attila Tanulmányi és Információs Központ - TIK, Együttműködés - cégek, Pályaválasztás - pályaorientáció, Álláskeresés, Munkaerőpiac, Dél-alföldi régió 
700 0 1 |a Török János 
856 4 0 |u http://univ.bibl.u-szeged.hu/77270/1/SZTE_DM_imedias3.pdf  |z Dokumentum-elérés  
856 4 0 |u http://univ.bibl.u-szeged.hu/77270/2/SZTE_DM_15696940.pdf  |z Dokumentum-elérés